00592nam a2200169Ia 4500008004000000020001800040082001300058100002000071245008400091250000500175260003600180300001100216690001500227906001100242999001900253952015000272210210b2004 xxu||||| |||| 00| 0 eng d a0 534 59782 3 a150 WEIC aWEITEN (Wayne). aConcept charts for study and review for psychology: themes and variations. Ed.6 a aCanadabThomson Wadsworthc2004 avii,33 aPsychology a058877 c106013d106013 001040708PsychologyaALbALcPsychologyd2021-02-17eBook World, Mangalore.g1795.00l0o150 WEICp058877r2021-02-17 00:00:00w2021-02-17yBK